| Tag |
First Indicator |
Second Indicator |
Subfields |
| LEADER |
00000cam a22000008a 4500 |
| 001 |
in00000577688 |
| 005 |
20151014075940.0 |
| 008 |
861212s1987 nyua 00001 eng |
| 010 |
|
|
|a 86032184
|
| 020 |
|
|
|a 0877958912 :
|c $18.95
|
| 020 |
|
|
|a 0877958904 (pbk.) :
|c $8.95
|
| 035 |
|
|
|a (OCoLC)15017210
|
| 035 |
|
|
|9 ACP8238AM
|
| 040 |
|
|
|a DLC
|c DLC
|d m/c
|d TXA
|d UtOrBLW
|
| 049 |
|
|
|a TXAM
|c [A10139921]
|a TXAS [scif]
|c 2
|
| 050 |
0 |
0 |
|a PS648.M33
|b M38 1987
|
| 082 |
0 |
|
|a 813/.0872/08
|2 19
|
| 245 |
0 |
0 |
|a Mathenauts :
|b tales of mathematical wonder /
|c edited by Rudy Rucker.
|
| 263 |
|
|
|a 8706
|
| 264 |
|
1 |
|a New York :
|b Arbor House,
|c [1987]
|
| 264 |
|
4 |
|c ©1987
|
| 300 |
|
|
|a xvii, 300 pages :
|b illustrations
|
| 336 |
|
|
|a text
|b txt
|2 rdacontent
|
| 337 |
|
|
|a unmediated
|b n
|2 rdamedia
|
| 338 |
|
|
|a volume
|b nc
|2 rdacarrier
|
| 650 |
|
0 |
|a Mathematicians
|v Fiction.
|
| 650 |
|
0 |
|a Mathematics
|v Fiction.
|
| 650 |
|
0 |
|a Science fiction, American.
|
| 700 |
1 |
|
|a Rucker, Rudy v. B.
|q (Rudy von Bitter),
|d 1946-
|
| 999 |
|
|
|a MARS
|
| 999 |
f |
f |
|s fa5ab8aa-3bef-3274-b83e-9fd9da435b36
|i 2e7b8230-d71b-33ef-9511-2cd3db11029f
|t 0
|
| 952 |
f |
f |
|p normal
|a Texas A&M University
|b College Station
|c Sterling C. Evans Library
|s Evans stk
|d Evans: Library Stacks
|t 0
|e PS648.M33 M38 1987
|h Library of Congress classification
|i unmediated -- volume
|m A14810139921
|
| 998 |
f |
f |
|a PS648.M33 M38 1987
|t 0
|l Evans: Library Stacks
|